| 000 | 00803nam a2200289Ia 4500 | ||
|---|---|---|---|
| 005 | 20250425162338.0 | ||
| 008 | 250425s9999 xx 000 0 und d | ||
| 020 | _a9789871456123 | ||
| 041 | _aspa | ||
| 043 | _aag | ||
| 082 |
_a332 _pTENc |
||
| 100 | _aTennent, John | ||
| 245 | 0 |
_aCómo delinear un modelo de negocios _cJohn, Tennent; Graham, Friend. |
|
| 250 | _a1a.ed. | ||
| 260 |
_aArgentina _bCUATRO MEDIA _c2008. |
||
| 260 | _aBuenos Aires | ||
| 300 |
_a320 p. _bCuadro _c20x14 cm. |
||
| 500 | _aDonado: Dr. Clermont Muñoz | ||
| 500 | _aTítulo Traducido: Guide to Business Modelling | ||
| 650 | _aDesarrollo del modelo | ||
| 650 | _aMacroeconomía | ||
| 650 | _aNegocio | ||
| 700 |
_aProfile Books _etraductor |
||
| 710 | _aTHE ECONOMIST. | ||
| 942 | _c01 | ||
| 010 | _a64263 | ||
| 999 |
_c227321 _d227321 |
||